000 00335nam a2200133Ia 4500
008 191201s2008 xx 000 0 und d
100 _aRAINA,Anupama Dullo
245 0 _aThe Icfai Dictionary of Human Resource Management Terms
250 _a1st
260 _aHyderabad
_bIUP
_c2008
300 _a343
650 _aMBA
942 _2ddc
_cBK
999 _c4748
_d4748